Przyłącz losowe europejskie miasto do państwa - Statystyki

Ogólne statystyki
  • Ten quiz został rozwiązany 108 razy
    96 od ostatniego zresetowania
  • Średni wynik to 17 z 20
Statystyki odpowiedzi
Miasto Państwo % Poprawnych
Wiedeń Austria
100%
Antwerpia Belgia
100%
Bruksela Belgia
100%
Charleroi Belgia
100%
Liège Belgia
100%
Mińsk Białoruś
100%
Sarajewo Bośnia i Hercegowina
100%
Sofia Bułgaria
100%
Zagrzeb Chorwacja
100%
Kopenhaga Dania
100%
Tallinn Estonia
100%
Helsinki Finlandia
100%
Bordeaux Francja
100%
Lille Francja
100%
Lyon Francja
100%
Nicea Francja
100%
Paryż Francja
100%
Strasburg Francja
100%
Tuluza Francja
100%
Ateny Grecja
100%
Alicante Hiszpania
100%
Barcelona Hiszpania
100%
Madryt Hiszpania
100%
Malaga Hiszpania
100%
Palma de Mallorca Hiszpania
100%
Walencja Hiszpania
100%
Dublin Irlandia
100%
Reykjavik Islandia
100%
Vaduz Liechtenstein
100%
Wilno Litwa
100%
Ryga Łotwa
100%
Valletta Malta
100%
Amsterdam Niderlandy
100%
Eindhoven Niderlandy
100%
Rotterdam Niderlandy
100%
Augsburg Niemcy
100%
Berlin Niemcy
100%
Kolonia Niemcy
100%
Frankfurt Niemcy
100%
Hamburg Niemcy
100%
Hanower Niemcy
100%
Lipsk Niemcy
100%
Mannheim Niemcy
100%
Norymberga Niemcy
100%
Oslo Norwegia
100%
Bydgoszcz Polska
100%
Gdańsk Polska
100%
Kraków Polska
100%
Lublin Polska
100%
Łódź Polska
100%
Szczecin Polska
100%
Warszawa Polska
100%
Wrocław Polska
100%
Porto Portugalia
100%
Królewiec Rosja
100%
Kursk Rosja
100%
Moskwa Rosja
100%
Nabierieżnyje Czełny Rosja
100%
Niżny Nowogród Rosja
100%
Sankt Petersburg Rosja
100%
Samara Rosja
100%
Stawropol Rosja
100%
Wołgograd Rosja
100%
Jarosław Rosja
100%
Bratysława Słowacja
100%
Lublana Słowenia
100%
Bazylea Szwajcaria
100%
Berno Szwajcaria
100%
Zurych Szwajcaria
100%
Malmö Szwecja
100%
Sztokholm Szwecja
100%
Stambuł Turcja
100%
Dniepr Ukraina
100%
Donieck Ukraina
100%
Charków Ukraina
100%
Kijów Ukraina
100%
Lwów Ukraina
100%
Budapeszt Węgry
100%
Birmingham Wielka Brytania
100%
Edynburg Wielka Brytania
100%
Glasgow Wielka Brytania
100%
Liverpool Wielka Brytania
100%
Londyn Wielka Brytania
100%
Manchester Wielka Brytania
100%
Nottingham Wielka Brytania
100%
Southampton Wielka Brytania
100%
Bolonia Włochy
100%
Cagliari Włochy
100%
Florencja Włochy
100%
Genua Włochy
100%
Mediolan Włochy
100%
Neapol Włochy
100%
Palermo Włochy
100%
Rzym Włochy
100%
Wenecja Włochy
100%
Krasnodar Rosja
93%
Bristol Wielka Brytania
93%
Podgorica Czarnogóra
92%
Bergamo Włochy
92%
Saint Étienne Francja
91%
Lizbona Portugalia
91%
Czelabińsk Rosja
91%
Andorra la Vella Andora
90%
Tours Francja
90%
Skopje Macedonia Północna
90%
Drezno Niemcy
90%
Bukareszt Rumunia
90%
Brighton Wielka Brytania
90%
Sheffield Wielka Brytania
90%
Clermont-Ferrand Francja
89%
Bilbao Hiszpania
89%
Bournemouth Wielka Brytania
89%
Newcastle Wielka Brytania
89%
Brescia Włochy
89%
Turyn Włochy
89%
Tirana Albania
88%
Grenoble Francja
88%
Marsylia Francja
88%
Grenada Hiszpania
88%
Sewilla Hiszpania
88%
Groningen Niderlandy
88%
Dusseldorf Niemcy
88%
Monachium Niemcy
88%
Czeboksary Rosja
88%
Saratów Rosja
88%
Belgrad Serbia
88%
Cardiff Wielka Brytania
88%
Leeds Wielka Brytania
88%
Montpellier Francja
86%
Nantes Francja
86%
Vigo Hiszpania
86%
Brunszwik Niemcy
86%
Stuttgart Niemcy
86%
Biełgorod Rosja
86%
Mikołajów Ukraina
86%
Leicester Wielka Brytania
86%
Middlesbrough Wielka Brytania
86%
Swansea Wielka Brytania
86%
Brno Czechy
83%
Praga Czechy
83%
Rouen Francja
83%
Iwanowo Rosja
83%
Machaczkała Rosja
83%
Woroneż Rosja
83%
Goteborg Szwecja
83%
Odessa Ukraina
83%
Belfast Wielka Brytania
83%
Bari Włochy
83%
Werona Włochy
83%
Iżewsk Rosja
82%
Lugańsk Ukraina
81%
Ostrawa Czechy
80%
Saloniki Grecja
80%
Prisztina Kosowo
80%
Monte Carlo Monako
80%
Brema Niemcy
80%
Astrachań Rosja
80%
Rostów nad Donem Rosja
80%
Uljanowsk Rosja
80%
Konstanca Rumunia
80%
Winnica Ukraina
80%
Utrecht Niderlandy
79%
Rennes Francja
75%
Saarbrücken Niemcy
75%
Poznań Polska
75%
Kazań Rosja
75%
Kirow Rosja
75%
Padwa Włochy
75%
Zaporoże Ukraina
73%
Patras Grecja
71%
Valladolid Hiszpania
71%
Bielefeld Niemcy
71%
Kingston-upon-Hull Wielka Brytania
71%
Genewa Szwajcaria
70%
Gandawa Belgia
67%
Warna Bułgaria
67%
Tulon Francja
67%
Murcja Hiszpania
67%
Zaragoza Hiszpania
67%
Riazań Rosja
67%
Jekaterynburg Rosja
67%
Katania Włochy
67%
Metz Francja
64%
Karlsruhe Niemcy
64%
Kiszyniów Mołdawia
63%
Krzywy Róg Ukraina
63%
Linz Austria
60%
Akwizgran Niemcy
60%
Ufa Rosja
60%
Taranto Włochy
60%
Lipieck Rosja
58%
Tuła Rosja
57%
Mariupol Ukraina
57%
Homel Białoruś
54%
Perm Rosja
50%
Stoke-on-Trent Wielka Brytania
29%
Togliatti Rosja
25%
Jassy Rumunia
25%
Płowdiw Bułgaria
17%
Penza Rosja
17%
Orenburg Rosja
0%
Twer Rosja
0%
Nie znaleziono quizów pasujących do podanych kryteriów
Rozkład punktacji
Procent ludzi z każdym wynikiem
Percentyl według liczby udzielonych odpowiedzi
Twoja historia wyników
Nie rozwiązałeś tego quizu od ostatniego zresetowania